| 000 | 01047nas a2200301 4500 | ||
|---|---|---|---|
| 001 | BR8200580 | ||
| 003 | BR-BrBNA | ||
| 005 | 20231205085014.0 | ||
| 007 | ta | ||
| 008 | 230509b bl.|||p| |||| 00| 00por d | ||
| 040 |
_aBR-BrBNA _bpor _cBiblioteca Nacional de Agricultura |
||
| 041 | _a(Pt) | ||
| 072 | _aF00 | ||
| 100 | 1 | _aMachado, M.L. da S. | |
| 100 | 1 | _aMachado, N.M. | |
| 245 | 1 | _aProducao de materia seca de hibridos comerciais de milho, em tres epocas de plantio no Primeiro Planalto do Parana [Zea mays; Brasil] | |
| 246 | 1 | _aDry matter production of comercial corn hybrids at three planting date on the First Plateau of Parana [Zea mays; Brazil] | |
| 650 | _aProducao vegetal | ||
| 650 | _aMilho hibrido | ||
| 650 | _aSilagem | ||
| 650 | _aMateria seca | ||
| 650 | _aCurva de crescimento | ||
| 650 | _aPlantio | ||
| 650 | _aPARANÁ | ||
| 773 | 0 |
_tRevista do Setor de Ciencias Agrarias (Brazil) _xISSN 0100-607X _g(1981), v. 3(1) p. 73-76 _wBR8200580 |
|
| 909 |
_a202311 _bLúcia _c55 _dLúcia Elande |
||
| 942 |
_2AGRIS _n0 _cANA |
||
| 999 |
_c108633 _d108633 |
||